00662nam a2200241 a 4500001001300000003000900013005001700022008004100039020001000080082001900090100002200109245001600131260003600147300000900183500003500192505001000227650001600237700002200253902000800275942000700283952011500290999001500405nice12345678IN_TiNIC20260116011804.0050524s1947 agra grp 000 0 urd  ac2.500a891.4391bSIM3 aSimab, Akberabadi aKar-E-Imroz aAgrabMaktaba Qisrul Adabc1947 a256p aincludes index and biblioraphy2 aNotes aUrdu-Poetry1 aSimab, Akberabadi bSRS cBK 001040708StackRoom-aHMIbHMId2007-06-25g2.50l0o891.4391 SIM3p05800r2007-06-25v2.50w2005-05-24yBK c3976d3976